000 00323nam a22001337a 4500
008 180924b xxu||||| |||| 00| 0 eng d
020 _a2901609137839
041 _aeng
080 _a610.73
100 _a2
101 _aINF
245 _aLeadership and Management Tools for the New Nurse
_cMarquis, B.L
942 _2udc
_cBK
999 _c48403
_d48403